Countries within 500km of Vatican City - Statistics

General Stats
  • This quiz has been taken 42 times
  • The average score is 7 of 8
Answers on the Map
Answers color-coded by a green-red scale on the quiz's map according to % correct below.
 
Answer Stats
Answer % Correct
Italy
100%
Croatia
97%
France
95%
San Marino
95%
Bosnia and Herzegovina
89%
Slovenia
89%
Monaco
82%
Montenegro
82%
No matching quizzes found
Score Distribution
Percent of People with Each Score
Percentile by Number Answered
Your Score History
You have not taken this quiz